[Event "Irish Championship 2020"]
[Site "Dublin"]
[Date "2020.08.04"]
[Round "4.13"]
[White "Byrne, Alex"]
[Black "Peoples, Jonathon"]
[Result "0-1"]
[WhiteElo "1976"]
[BlackElo "1932"]
[Annotator "TA"]
[PlyCount "58"]
[EventDate "2020.08.01"]
[EventType "swiss"]
[EventCountry "IRL"]
[SourceTitle "playchess.com"]
[Source "ChessBase"]
[SourceQuality "1"]

{[%evp 9,58,-20,0,-1,0,0,8,-46,-34,-138,-140,-165,-175,-166,-161,-174,-175,-185,-184,-187,-181,-194,-190,-200,-169,-276,-251,-1353,-274,-281,-281,-304,-303,-563,-465,-448,-440,-419,-350,-358,-339,-343,-318,-474,-475,-544,-525,-545,-505,-824,-811]} 1. e4 c5 2. a3 g6 3. b4 Bg7 4. Nc3 d6 5. g3 Nc6 {[%cal Bb8c6,Bc6e5,Be5f3][%mdl 32]} 6. Rb1 {B20: Sicilian: Unusual White 2nd moves.} Nf6 7. Bg2 b6 {[#]} 8. e5 $146 ({White should try} 8. d3 $11) ({Predecessor:} 8. Nge2 Bb7 9. O-O O-O 10. d3 Qd7 11. Nd5 Nxd5 12. exd5 Nd4 13. Re1 Rae8 14. Bd2 {½-½ (20) Vlasveld,W (2508)-Belka,W (2494) GER email 2016}) 8... Nxe5 $15 9. Bxa8 ({White should play} 9. bxc5 $1 $15 bxc5 10. Bxa8) 9... Bg4 $17 10. Bf3 Nxf3+ 11. Nxf3 Qa8 12. O-O {[#] Kg2 is the strong threat.} Bxf3 13. Qe1 Ng4 14. Nb5 {Black must now prevent Nc7+.} Kf8 15. Rb3 {[#]} h5 $1 16. bxc5 dxc5 $40 {[%mdl 128] Black goes for the king.} 17. Rd3 (17. d4 $142 Bg2 18. f3 Bxf1 19. Qxf1) 17... Ne5 18. Re3 $2 (18. Bb2 Nxd3 19. Bxg7+ Kxg7 20. cxd3) 18... Bh1 $2 (18... Qc8 {( -> ...Qh3)} 19. Qd1 Bxd1 20. Rxd1 Qh3) 19. f3 $19 Nxf3+ 20. Rfxf3 Bxf3 21. c3 $2 (21. Rxe7 Qd8 22. Re3) 21... Bf6 22. Qf1 Bc6 23. Nd6 Qd8 24. Ne4 Bxe4 25. Rxe4 Qd5 26. d3 (26. Qc4 {was called for.} Qxc4 27. Rxc4) 26... Bxc3 {Black is clearly winning.} 27. h4 Bf6 28. Ra4 Qd7 29. Qf4 (29. Re4 $142) 29... Bd4+ {White got outplayed after the opening. Accuracy: White = 41%, Black = 81%.} 0-1

[Event "Irish Championship 2020"]
[Site "Dublin"]
[Date "2020.08.04"]
[Round "4.14"]
[White "McHugh, Kevin"]
[Black "Putar, Lara"]
[Result "0-1"]
[WhiteElo "2010"]
[BlackElo "1834"]
[Annotator "RC"]
[PlyCount "46"]
[EventDate "2020.08.01"]
[EventType "swiss"]
[EventCountry "IRL"]
[SourceTitle "playchess.com"]
[Source "ChessBase"]
[SourceQuality "1"]
[TimeControl "8100+35"]

1. e4 {[%emt 0:00:00]} e6 {[%emt 0:00:00]} 2. d4 {[%emt 0:00:00]} d5 {[%emt 0:00:00]} 3. Nd2 {[%emt 0:00:00]} Nf6 {[%emt 0:00:00]} 4. e5 {[%emt 0:00:00]} Nfd7 {[%emt 0:00:00]} 5. Bd3 {[%emt 0:00:00]} c5 {[%emt 0:00:01]} 6. c3 {[%emt 0:00:05]} Nc6 {[%emt 0:00:23]} 7. Ne2 {[%emt 0:00:44]} cxd4 {[%emt 0:00:33]} 8. cxd4 {[%emt 0:00:11]} f6 {[%emt 0:00:31]} 9. exf6 {[%emt 0:00:07]} Nxf6 {[%emt 0:00:11]} 10. Nf3 {[%emt 0:00:12]} Bd6 {[%emt 0:00:17]} 11. O-O {[%emt 0:00:10]} Qc7 {[%emt 0:00:12]} 12. Nc3 {[%emt 0:00:33]} a6 {[%emt 0:00:36]} 13. Bg5 {[%emt 0:00:12]} O-O {[%emt 0:00:23]} 14. Bh4 {[%emt 0:00:09]} Nh5 {[%emt 0:01:44]} 15. Rc1 {[%emt 0:08:55]} g6 {[%emt 0:05:36]} 16. Re1 {[%emt 0:07:17]} Qg7 {[%emt 0:07:44]} 17. Bb1 {[%emt 0:01:12]} Bd7 {[%emt 0:08:49]} 18. Na4 {[%emt 0:05:17]} Rxf3 {[%emt 0:20:52]} 19. Qxf3 {[%emt 0:02:38]} Qxd4 {[%emt 0:01:33]} 20. g4 {[%emt 0:01:05]} Qxa4 {[%emt 0:04:01]} 21. Bg5 {[%emt 0:00:23]} Ng7 {[%emt 0:03:06]} 22. b3 {[%emt 0:01:07]} Qb4 {[%emt 0:01:41]} 23. Bf6 {[%emt 0:00:43]} Qf4 {[%emt 1:30:12]} 0-1

[Event "Irish Championship 2020"]
[Site "Dublin"]
[Date "2020.08.04"]
[Round "4.15"]
[White "Mirza, Diana"]
[Black "O`Gorman, Alice"]
[Result "1/2-1/2"]
[WhiteElo "1939"]
[BlackElo "1904"]
[Annotator "TA"]
[PlyCount "87"]
[EventDate "2020.08.01"]
[EventType "swiss"]
[EventCountry "IRL"]
[SourceTitle "playchess.com"]
[Source "ChessBase"]
[SourceQuality "1"]

{[%evp 9,87,4,15,5,11,-6,14,16,47,8,54,-3,-4,-6,45,0,7,6,5,-62,-8,-20,0,0,0,0,0,0,237,28,28,35,36,17,22,0,0,0,0,0,0,0,0,0,91,108,334,318,289,0,0,0,0,0,0,0,0,0,32,27,21,0,10,-18,-5,-4,-5,-29,-8,-35,-12,-14,-7,-64,0,0,0,-5,0,0]} 1. d4 d5 2. Nf3 c6 3. e3 Bf5 4. c4 e6 5. Be2 Nf6 6. O-O {D11: Slav Defence: 3 Nf3 sidelines and 3...Nf6 4 e3 Bg4.} Be7 {[#]} 7. Ne5 $146 ({Predecessor:} 7. Nc3 Nbd7 8. b3 Ne4 9. Bb2 O-O 10. Bd3 Bg6 11. Qc2 f5 12. Ne2 Bf7 13. Rac1 Bd6 14. Ne5 Nxe5 15. dxe5 Be7 {1-0 (42) Tisaj,D (2245)-Adamczyk,Z (1959) Graz 2020}) 7... O-O 8. g4 Bg6 9. Nd2 Ne4 10. f3 (10. Nxg6 $14 hxg6 11. Nxe4 dxe4 12. Qc2) 10... Nxd2 $1 $11 11. Bxd2 Bd6 (11... dxc4 $11 12. Bxc4 (12. Nxc4 c5 $11) 12... Nd7) 12. Qe1 Nd7 13. Nxg6 hxg6 14. e4 ({Better is} 14. Rd1 $11) 14... e5 (14... dxe4 $15 15. fxe4 e5) 15. f4 exd4 16. cxd5 cxd5 17. e5 $1 {[%cal Re5d6]} Be7 18. g5 f6 $2 (18... d3 $11 {and Black has nothing to worry.} 19. Bxd3 Nc5) 19. Bd3 $2 (19. gxf6 $1 $18 gxf6 20. Qg3) 19... f5 $1 ({Don't blunder} 19... fxe5 $2 20. Bxg6 Qb6 21. f5 $18) 20. b4 Nb6 21. Rf3 {[%mdl 1024] White has compensation.} Nc4 22. Rh3 Qb6 23. a3 Kf7 24. Qe2 Nxd2 25. Qxd2 a5 {[%cal Ra5b4]} 26. bxa5 Qxa5 {[#]} (26... Rxa5 $11 27. Rb1 Qc7) 27. e6+ $1 $16 {[%mdl 576] Decoy} Kxe6 $2 {[#]} (27... Ke8 $16 28. Qb2 Rb8) 28. Qe2+ $1 $18 Kd7 {[#]} 29. Bb5+ $2 ({And not} 29. Re1 Bc5 $11) (29. Rh7 $1 $18) 29... Kd8 $11 30. a4 Qb6 31. Kg2 Qd6 32. Re1 Rc8 $1 33. Rd3 Rc7 34. Rxd4 Kc8 35. Red1 Rh8 36. h3 Rc3 37. R1d3 Rxd3 38. Qxd3 Kb8 39. Qf3 Rc8 40. Rxd5 Rc2+ 41. Kg3 (41. Be2 $1 $11 Qb6 42. a5) 41... Qb4 ({Black should try} 41... Qb6 $15 42. Rd1 Bd6) 42. Qe3 $1 {[#]The position is equal.} Rc3 $1 {[%mdl 512]} 43. Bd3 Rc7 44. Rd4 {Accuracy: White = 75%, Black = 76%.} 1/2-1/2

[Event "Irish Championship 2020"]
[Site "Dublin"]
[Date "2020.08.04"]
[Round "4.16"]
[White "Cafolla, Peter"]
[Black "MacElligott, Gerard"]
[Result "1-0"]
[WhiteElo "1955"]
[BlackElo "2020"]
[Annotator "TA"]
[PlyCount "77"]
[EventDate "2020.08.01"]
[EventType "swiss"]
[EventCountry "IRL"]
[SourceTitle "playchess.com"]
[Source "ChessBase"]
[SourceQuality "1"]

{[%evp 14,77,37,34,38,39,46,40,56,36,56,35,52,24,15,31,36,12,60,0,30,35,41,35,49,47,57,57,95,87,181,118,133,137,121,118,295,284,303,284,303,303,281,267,277,184,189,197,1111,638,1590,943,943,942,1454,1424,1385,1331,29979,951,750,0,1131,1047,29996,29997]} 1. d4 Nf6 2. c4 c5 3. d5 b5 4. cxb5 a6 5. b6 d6 6. Nc3 Qxb6 7. a4 {[%cal Ba2a4,Ba4a5][%mdl 32]} Nbd7 8. a5 Qc7 {A57: Benko/Volga Gambit.} 9. Nf3 g6 10. e4 Bg7 {White is slightly better.} 11. Be2 O-O 12. O-O Bb7 13. Nd2 e6 {[%cal Re6d5]} 14. Nc4 {And now dxe6 would win.} exd5 15. exd5 Ne5 16. Nb6 ({White should play} 16. Nxe5 $14 dxe5 17. Bg5) 16... Rad8 17. f4 $36 {[%mdl 2048] White has good play.} Ned7 18. Nc4 $1 Rfe8 19. Bf3 $1 {[#]} Bc8 $146 ({Predecessor:} 19... Re7 20. Qd3 Bc8 21. Qc2 Nf8 22. Qd1 Bf5 23. g4 Be4 24. g5 Bxf3 25. Qxf3 N6d7 26. Bd2 Rde8 27. Rae1 Rxe1 28. Rxe1 Rxe1+ 29. Bxe1 {1-0 (52) Pepino,E (2169)-Gervasio,F (1924) Imperia 2012}) 20. Ra3 Nf8 21. Rb3 Bf5 (21... Re7 $16) 22. g4 (22. Rb6 $18) 22... Be4 23. g5 Bxf3 24. Qxf3 N6d7 $2 {[#]} (24... Nh5 $16) 25. Ne4 $1 $18 Bd4+ 26. Kh1 Rb8 27. Rxb8 ({Weaker is} 27. Ncxd6 Rxb3 28. Qxb3 Rb8 $18) ({Don't play} 27. Nexd6 Rxb3 28. Qxb3 Re7 $18) 27... Qxb8 28. Nexd6 Re7 29. f5 {Threatens to win with fxg6.} Ne5 {[#]} 30. Nxe5 $1 Rxe5 $2 (30... Bxe5 31. f6 Rd7) 31. Nxf7 Nd7 32. Nxe5 Nxe5 33. Qe4 Qb3 34. fxg6 hxg6 35. d6 Qh3 36. Qf4 (36. Qa8+ $142 Kh7 37. Qf8 Qxf1+ 38. Qxf1 c4 39. d7 Nxd7 40. Qxc4 Bh8 41. Qxa6) 36... Qc8 37. Qe4 $2 (37. Be3 $18 Bxe3 38. Qxe3 Qc6+ 39. Kg1) 37... Kg7 $2 {[%mdl 8192]} (37... Qh3 $11 38. Qa8+ Kh7) 38. Bf4 Qh3 39. Bxe5+ {Accuracy: White = 60%, Black = 37%.} 1-0

[Event "Irish Championship 2020"]
[Site "Dublin"]
[Date "2020.08.05"]
[Round "5.1"]
[White "O`Donnell, Conor"]
[Black "O`Gorman, Tom"]
[Result "1/2-1/2"]
[WhiteElo "2304"]
[BlackElo "2345"]
[Annotator "TA"]
[PlyCount "75"]
[EventDate "2020.08.01"]
[EventType "swiss"]
[EventCountry "IRL"]
[SourceTitle "playchess.com"]
[Source "ChessBase"]
[SourceQuality "1"]

{[%evp 22,75,-7,-20,-24,-19,-19,-22,-35,-25,-15,-26,6,0,0,3,12,0,0,0,6,0,0,0,0,0,12,12,13,8,12,2,12,0,1,0,6,0,0,0,0,0,0,0,0,0,0,0,0,0,0,0,0,0,0,0]} 1. d4 Nf6 2. c4 g6 3. g3 c5 4. Nf3 Bg7 5. Bg2 O-O 6. O-O d6 7. Nc3 Nc6 8. dxc5 dxc5 9. Be3 Qa5 10. Qa4 Qxa4 11. Nxa4 b6 12. Rad1 Bf5 {E65: King's Indian: Fianchetto: 6...c5 7 0-0 without d5 by White.} 13. Nc3 Rac8 {[#]} 14. b3 $146 ({Predecessor:} 14. Nh4 Be6 15. Nd5 Rfd8 16. Rd2 Bxd5 17. cxd5 Nb4 18. Bg5 h6 19. Bxf6 Bxf6 20. a3 {0-1 (84) Idani,P (2597)-Rahul,S (2395) Taleigao 2019}) 14... Ng4 15. Bd2 Rfd8 {With the idea ...Rxd2!} 16. h3 Nge5 17. Nxe5 {The position is equal.} Bxe5 18. Nd5 Bd7 19. Bc3 Bxc3 20. Nxc3 Nb4 21. Rd2 {[#] Black must now prevent Rfd1.} Bc6 22. Rfd1 Rxd2 23. Rxd2 Bxg2 24. Kxg2 $11 {[%mdl 4096] Endgame KRN-KRN} Rc7 25. f4 Kf8 26. Rd8+ Kg7 27. Kf2 Nc6 28. Rd2 (28. Rd5 {with more complications.} Kf8 29. e4 f6 30. f5 Ke8 31. g4) 28... Kf8 29. e3 Ke8 30. Ke2 Rd7 31. Nd5 f6 32. g4 Kf7 33. Rb2 e6 34. Nc3 h6 35. Ne4 g5 36. Rd2 Rxd2+ 37. Kxd2 Ke7 38. Nc3 {A rather calm draw. Accuracy: White = 100%, Black = 95%.} 1/2-1/2

[Event "Irish Championship 2020"]
[Site "Dublin"]
[Date "2020.08.05"]
[Round "5.2"]
[White "Fitzsimons, David"]
[Black "Daly, Colm"]
[Result "0-1"]
[WhiteElo "2334"]
[BlackElo "2248"]
[Annotator "TA"]
[PlyCount "80"]
[EventDate "2020.08.01"]
[EventType "swiss"]
[EventCountry "IRL"]
[SourceTitle "playchess.com"]
[Source "ChessBase"]
[SourceQuality "1"]

{[%evp 23,80,30,25,20,29,29,31,30,52,28,37,17,26,11,34,29,29,6,30,0,0,0,9,0,0,0,5,6,5,6,6,4,8,8,9,15,10,10,13,8,3,-253,-255,-253,-253,-244,-238,-251,-252,-278,-278,-281,-276,-276,-275,-340,-336,-355,-351]} 1. d4 Nf6 2. c4 e6 3. Nc3 d5 4. cxd5 exd5 5. Bg5 c6 6. e3 Be7 7. Bd3 Nbd7 8. Qc2 O-O 9. Nge2 Re8 10. O-O Nf8 11. f3 Be6 {11...Be6 was played by the boomers.} 12. Rad1 Rc8 13. h3 {D36: Queen's Gambit Declined: Exchange Variation: Main line (5 Bg5 c6 6 Qc2).} N6d7 14. Bxe7 Qxe7 15. Nf4 {White is slightly better.} Qd6 {[#]} 16. Qf2 $146 ({Predecessor:} 16. Qd2 Nb6 17. b3 Rcd8 18. Bc2 Ng6 19. Nh5 Qe7 20. Ng3 Bc8 21. Rfe1 Nf8 22. Qf2 {0-1 (100) De Jong,J (2464)-Wengenroth,W (2361) Germany 2010}) 16... Nb6 17. Bb1 Rcd8 18. Nd3 Bc8 19. b3 Re7 20. Nc5 Qf6 21. Qd2 Qh6 22. Rfe1 Rde8 {[%cal Re7e3]} 23. e4 Qxd2 24. Rxd2 dxe4 25. fxe4 Ne6 26. Nxe6 Bxe6 27. Red1 Rd8 28. d5 cxd5 29. exd5 Bd7 30. Be4 Rc8 31. d6 Re5 32. Nd5 $2 {[%mdl 8192] [#] Loses the game.} (32. Rd3 $11) 32... Rxe4 $19 33. Ne7+ Kf8 34. Nxc8 Nxc8 35. Rc1 {[#]} Ke8 $1 36. Kf2 Kd8 37. Rc4 Re6 38. Rcd4 Bc6 39. Rg4 g6 ({Not} 39... Rxd6 40. Rxd6+ Nxd6 41. Rxg7 $17) ({Less strong is} 39... Nxd6 40. Rxg7 Kc7 41. Re2 $17) 40. Rf4 Nxd6 {Accuracy: White = 77%, Black = 100%.} 0-1

[Event "Irish Championship 2020"]
[Site "Dublin"]
[Date "2020.08.05"]
[Round "5.3"]
[White "Melaugh, Shane"]
[Black "Delaney, Killian"]
[Result "0-1"]
[WhiteElo "2161"]
[BlackElo "2314"]
[Annotator "TA"]
[PlyCount "90"]
[EventDate "2020.08.01"]
[EventType "swiss"]
[EventCountry "IRL"]
[SourceTitle "playchess.com"]
[Source "ChessBase"]
[SourceQuality "1"]

{[%evp 9,90,41,47,-10,0,-27,-21,-52,-43,-97,-51,-56,-56,-106,-83,-89,-90,-100,-103,-107,-104,-107,-93,-110,-82,-97,-75,-79,-61,-54,-68,-79,-70,-63,-19,-32,-12,-25,-12,-24,2,-76,-88,-87,-115,-212,-206,-429,-414,-414,-389,-397,-386,-387,-397,-463,-472,-528,-531,-708,-585,-894,-831,-728,-649,-579,-504,-987,-637,-2427,-2235,-1168,-946,-5135,-5131,-29990,-29991,-29991,-29980,-29980,-29981,-29996,-29994]} 1. c4 e5 2. Nc3 Nf6 3. Nf3 e4 4. Nd4 c6 5. d3 Bb4 {[#]} 6. Qb3 $146 {A22: English Opening: 1...e5 2 Nc3 Nf6.} (6. g3 $14) ({Predecessor:} 6. Bg5 O-O 7. dxe4 Bxc3+ 8. bxc3 Qa5 9. Bd2 Nxe4 10. g3 d5 11. cxd5 Nxd2 12. Qxd2 Qxd5 {½-½ (36) Olafsson,H (2543)-Ingvason,J (2142) Reykjavik 2015}) 6... Na6 $11 7. Bd2 exd3 8. exd3 {The position is equal.} O-O 9. O-O-O (9. Be2 $15) 9... Bc5 10. Be3 Ng4 11. Ne4 Nxe3 12. fxe3 Bb6 13. Nc2 d5 14. Ng3 dxc4 15. Qxc4 Be6 16. Qa4 Nc5 17. Qa3 a5 (17... Nd7 {feels hotter.} 18. Kb1 Nf6 19. Be2 Re8 20. e4 Bc7) 18. d4 Na6 19. Bxa6 $1 Rxa6 20. e4 Bc7 21. Kb1 b5 22. Qf3 b4 23. Ne3 Qg5 24. Rhf1 a4 25. Nef5 {[#]} (25. Ngf5 $11) 25... g6 $1 $17 {[%cal Rg6f5] Black converts the advantage convincingly.} 26. h4 Qd8 27. d5 {[#]} (27. Ne3 $17) 27... cxd5 $1 $19 {[%mdl 64] Overworked Piece} 28. exd5 $2 (28. Nd4 {might work better.}) 28... Bxf5+ 29. Nxf5 gxf5 30. Qxf5 Rg6 31. h5 Rg5 32. Qf3 {If only White now had time for d6!...} Bd6 33. g4 a3 34. Rd2 Qe7 35. Re2 Re5 36. Rfe1 Rxe2 37. Rxe2 Qg5 {Hoping for ...f5.} 38. Rf2 (38. Qf5 $142 Qh4 39. Rc2) 38... axb2 39. Kxb2 Be5+ 40. Kb1 Bg7 41. Qf5 Qe3 42. d6 b3 {Black mates.} 43. axb3 Qxb3+ 44. Kc1 Re8 45. Qf3 Rc8+ {Accuracy: White = 42%, Black = 83%.} 0-1

[Event "Irish Championship 2020"]
[Site "Dublin"]
[Date "2020.08.05"]
[Round "5.4"]
[White "Murray, David"]
[Black "Kanyamarala, Trisha"]
[Result "1-0"]
[WhiteElo "2152"]
[BlackElo "2193"]
[Annotator "TA"]
[PlyCount "111"]
[EventDate "2020.08.01"]
[EventType "swiss"]
[EventCountry "IRL"]
[SourceTitle "playchess.com"]
[Source "ChessBase"]
[SourceQuality "1"]

{[%evp 10,111,6,15,25,20,18,20,27,11,20,7,10,6,28,30,22,8,10,5,29,24,62,47,74,63,93,35,34,32,43,42,42,25,65,35,50,40,94,79,104,107,115,97,107,89,110,84,563,555,556,554,714,712,755,685,742,673,707,702,685,621,711,576,495,468,734,624,749,729,773,773,767,729,739,710,1044,700,705,704,683,683,763,760,821,821,797,752,739,754,824,827,786,780,829,764,822,797,5795,5602,5127,5027,1404,747]} 1. e4 c5 2. Nf3 d6 3. d4 cxd4 4. Nxd4 Nf6 5. f3 e5 6. Nb3 Nc6 {B55: Sicilian: 2...d6 3 d4 cxd4 4 Nxd4 Nf6 5 f3.} 7. c4 Be6 (7... Nxe4 8. fxe4 Qh4+ 9. Kd2 $16) 8. Nc3 Be7 {The position is equal.} 9. Be3 O-O 10. Nd5 Nd7 11. Qd2 Nc5 12. Be2 $36 {[%mdl 2048] [#] White has some pressure.} a5 $146 {[%cal Ba7a5,Ba5a4][%mdl 32]} ({Predecessor:} 12... Bxd5 13. Qxd5 Bg5 14. Bf2 Nb4 15. Qd1 Qc7 16. O-O a5 17. a3 Nba6 18. Nc1 a4 {½-½ (86) Liang,J (2340)-Krush,I (2429) chess.com INT 2020}) 13. O-O a4 14. Nc1 f5 (14... Bxd5 $5 15. exd5 (15. cxd5 Nd4 $11) 15... Nd4 $11) 15. exf5 Bxf5 16. Bd3 Bxd3 17. Nxd3 Ne6 18. Nc1 (18. f4 $16) 18... Bg5 $14 19. Bxg5 Nxg5 20. Ne2 Ne6 21. Nec3 Ned4 22. Kh1 h6 23. Rae1 Rf5 ({Black should try} 23... Rf7 $14) 24. Qd1 a3 25. b3 Qf8 26. Qd3 Re8 27. Nb1 Ra8 28. Re4 Nd8 $2 {[%mdl 8192] [#] Loses the game.} (28... Kh8 $16 {is tougher.}) 29. Rxd4 $1 $18 {White is clearly winning.} exd4 {[#]} 30. Qxf5 $1 {[%mdl 512]} Qe8 (30... Qxf5 31. Ne7+) 31. Qd3 Rc8 32. Nd2 Nc6 33. Qe4 Qf7 34. Re1 Kh8 35. Qe6 Qf8 36. Ne7 Nxe7 37. Qxe7 Qf4 (37... Qxe7 $142 38. Rxe7 b5) 38. Qe2 b5 39. g3 Qg5 40. cxb5 Rb8 41. Qd3 Qc5 42. Ne4 Qb4 43. Rd1 d5 44. Nf2 Rxb5 45. Qxd4 Qe7 46. Qd3 Qe8 47. Rc1 Rb8 48. Qd2 Qh5 49. Kg2 Rf8 50. Qd3 Qe5 51. Rc2 Re8 52. Rd2 Qa1 53. Qxd5 Re1 54. Qd8+ Kh7 55. Qd3+ Kh8 56. Rc2 {Accuracy: White = 83%, Black = 54%.} 1-0

[Event "Irish Championship 2020"]
[Site "Dublin"]
[Date "2020.08.05"]
[Round "5.5"]
[White "Wallace, John Paul"]
[Black "Venkatesan, Kavin"]
[Result "1/2-1/2"]
[WhiteElo "2346"]
[BlackElo "1946"]
[Annotator "TA"]
[PlyCount "76"]
[EventDate "2020.08.01"]
[EventType "swiss"]
[EventCountry "IRL"]
[SourceTitle "playchess.com"]
[Source "ChessBase"]
[SourceQuality "1"]

{[%evp 12,76,30,23,37,37,87,85,89,86,82,84,100,109,102,104,109,50,79,70,118,78,72,46,130,139,131,143,239,225,224,214,283,294,266,254,253,235,292,289,339,335,379,379,306,308,400,389,389,387,371,315,370,320,302,314,286,206,284,112,118,114,196,58,271,66,20]} 1. e4 c5 2. Nf3 d6 3. d4 cxd4 4. Nxd4 Nf6 5. Nc3 a6 6. Bc4 Nbd7 7. O-O Qc7 {B90: Sicilian Najdorf: Unusual White 6th moves, 6 Be3 Ng4 and 6 Be3 e5.} 8. Bb3 Nc5 9. Nd5 Nxd5 {White is better.} 10. exd5 ({Much worse is} 10. Bxd5 e6 $15) 10... g6 11. Re1 Bg7 12. Bg5 f6 13. Bf4 O-O {[#]} 14. c4 $146 ({White should try} 14. c3 $16) ({Predecessor:} 14. Qd2 Re8 15. c4 Bd7 16. Bc2 a5 17. Rac1 Qb6 18. b3 Rac8 19. a3 f5 20. Be3 {1-0 (31) Schmid,H (2285)-Willin,B (1994) Seefeld 2003}) 14... Re8 15. Bc2 a5 16. b3 Bd7 17. Qd2 Rad8 (17... f5 $14) 18. Rad1 $16 Qb6 19. a3 Na6 (19... f5 $16 {keeps fighting.} 20. b4 axb4) 20. Be3 $18 Qc7 21. Nb5 $1 {[%cal Rb5c7]} Bxb5 22. cxb5 Nc5 23. Rc1 Qb8 24. Qxa5 b6 25. Qd2 Nd7 26. b4 Rc8 27. Bb3 Rxc1 28. Rxc1 ({Less strong is} 28. Qxc1 Ne5 $18) 28... Rc8 29. Rc6 f5 30. Qc2 Rf8 31. f4 g5 32. g3 gxf4 33. gxf4 Qe8 34. Rc7 Kh8 35. Kf1 $2 (35. a4 $18 {and White stays clearly on top.}) 35... Nf6 $16 {intending ...Qh5.} 36. Qxf5 {Black must now prevent Ke1.} Nh5 {[#]} (36... Qxb5+ $16 {was necessary.} 37. Kf2 Qe8) 37. Qe4 (37. Qd7 $1 $18 {[%cal Rd7e8] Strongly threatening Qxe8.} Qxd7 38. Rxd7 Nxf4 39. Bxb6 Nxd5+ 40. Bf2) 37... Be5 $2 {[#]} (37... Nxf4 $1 $14 38. Ke1 (38. Bxf4 Be5 $17) 38... Be5) 38. Ke1 $2 (38. Bc2 $1 $18 {[%csl Gc2][%cal Re4h7]} Qf7 39. Ke1) 38... Nxf4 {Accuracy: White = 59%, Black = 48%.} 1/2-1/2

[Event "Irish Championship 2020"]
[Site "Dublin"]
[Date "2020.08.05"]
[Round "5.6"]
[White "Flynn, Jacob"]
[Black "Cafolla, Peter"]
[Result "1-0"]
[WhiteElo "2114"]
[BlackElo "1955"]
[Annotator "TA"]
[PlyCount "77"]
[EventDate "2020.08.01"]
[EventType "swiss"]
[EventCountry "IRL"]
[SourceTitle "playchess.com"]
[Source "ChessBase"]
[SourceQuality "1"]

{[%evp 12,77,43,34,43,44,74,37,36,27,34,31,48,34,61,51,91,96,122,112,143,151,178,134,221,172,295,274,274,279,275,266,276,274,275,252,323,285,453,464,423,402,380,383,485,485,483,478,552,574,567,560,660,660,833,825,904,893,1177,1131,1171,1170,1118,1082,2276,2203,1927,1849]} 1. d4 d5 2. c4 Nc6 3. cxd5 Qxd5 4. e3 e5 5. Nc3 Bb4 6. a3 Bxc3+ 7. bxc3 exd4 {D07: Queen's Gambit: Chigorin Defence.} 8. cxd4 Nf6 9. Nf3 O-O {White is slightly better.} 10. Rb1 {[#]} a6 $146 ({Predecessor:} 10... Bg4 11. Be2 Rab8 12. O-O Ne7 13. Rb5 Qe6 14. h3 Bh5 15. a4 a6 16. Re5 Qd7 17. Rxh5 Nxh5 {1-0 (42) Figura,A (2111)-Wapenhans,A Berlin 2003}) 11. Be2 Ne4 12. Bd2 Rb8 13. O-O b5 {White now steadily converts the win.} 14. Qc2 Bg4 15. Rfc1 Bd7 16. Be1 Rfe8 17. Nd2 f5 (17... Nxd2 $16 {keeps fighting.} 18. Qxd2 Qd6) 18. a4 Nd8 {[#]} (18... Nxd2 $142 19. Qxd2 Ne7 20. axb5 (20. Rxc7 Qd6 $16) 20... Bxb5 21. Bxb5 (21. Rxc7 Bxe2 22. Rxb8 Rxb8 $18) 21... Rxb5) 19. Bc4 $1 {[%mdl 512]} bxc4 20. Rxb8 Nxd2 21. Bxd2 Be6 22. Qc3 Kf7 23. Qa5 Qd6 {Threatens to win with ...Nc6.} 24. Bb4 c5 (24... Nc6 $142) 25. Rb6 $18 {[%mdl 64] [#] Double Attack} Nc6 26. Qxc5 Qxc5 27. Bxc5 Na5 28. Rxa6 {White is clearly winning.} Nb3 29. Rc3 Nd2 30. f3 Rb8 31. Bb6 Ke8 32. a5 Kd7 33. Rc2 Nb3 34. e4 Rc8 35. d5 Bg8 36. Ra7+ Kd6 37. Rxg7 f4 38. a6 Na1 39. Ra2 {Accuracy: White = 87%, Black = 35%.} 1-0

[Event "Irish Championship 2020"]
[Site "Dublin"]
[Date "2020.08.05"]
[Round "5.7"]
[White "Moran, Darragh"]
[Black "Melaugh, Gavin"]
[Result "0-1"]
[WhiteElo "1873"]
[BlackElo "2003"]
[Annotator "TA"]
[PlyCount "40"]
[EventDate "2020.08.01"]
[EventType "swiss"]
[EventCountry "IRL"]
[SourceTitle "playchess.com"]
[Source "ChessBase"]
[SourceQuality "1"]

{[%evp 9,40,10,24,-9,10,14,25,26,56,54,65,60,58,34,43,40,83,0,0,-102,-87,-211,-204,-314,-329,-1253,-1246,-1150,-1144,-1120,-908,-1466,-1381]} 1. e4 c5 2. Nc3 Nc6 3. Bb5 g6 4. Bxc6 bxc6 5. d3 Bg7 6. Be3 {B23: Closed Sicilian: Lines without g3.} d6 7. Qd2 e5 8. f4 {[#] White has an edge.} Rb8 $146 ({Predecessor:} 8... exf4 9. Bxf4 Nf6 10. Nge2 O-O 11. O-O Ng4 12. h3 Ne5 13. Bh6 Qe7 14. Bxg7 Kxg7 {1-0 (31) Bachmann,A (2633)-Ermel,F (2086) Niteroi 2019}) 9. fxe5 Bxe5 10. Nf3 Bg7 $1 11. Rb1 Nf6 12. e5 Ng4 {[#]} 13. exd6 ({White should play} 13. Bg5 $1 $16 {[%cal Rg5d8]} f6 14. exf6 Nxf6 15. Qe3+ Qe7 16. Ne4) 13... O-O $1 $36 {[%mdl 2048] Black is more active.} 14. Bxc5 (14. Bg5 $11 Re8+ 15. Ne4) 14... Bh6 $17 15. Qd1 {Loses the game.} (15. Qe2 $17) 15... Re8+ $19 {[%mdl 1024] Black has strong compensation.} 16. Kf1 (16. Ne2 $142) 16... Be3 17. d4 $2 {[#]} (17. h3 Nf2 {[%mdl 64] Double Attack} 18. Bxe3 Nxd1 19. Nxd1) 17... Ba6+ {Black is clearly winning.} 18. Ne2 Nf2 19. Qe1 Nxh1 20. Ne5 Qf6+ {Accuracy: White = 34%, Black = 86%.} 0-1